A brief guide to algebraic number theory / (Record no. 182235)
[ view plain ]
| 000 -LEADER | |
|---|---|
| fixed length control field | 01031 a2200253 4500 |
| 003 - CONTROL NUMBER IDENTIFIER | |
| control field | NUST |
| 005 - DATE AND TIME OF LATEST TRANSACTION | |
| control field | 20221111100153.0 |
| 010 ## - LIBRARY OF CONGRESS CONTROL NUMBER | |
| LC control number | 2001270847 |
| 020 ## - INTERNATIONAL STANDARD BOOK NUMBER | |
| International Standard Book Number | 0521004233 (paperback) |
| 020 ## - INTERNATIONAL STANDARD BOOK NUMBER | |
| International Standard Book Number | 052180292X (hardback) |
| 035 ## - SYSTEM CONTROL NUMBER | |
| System control number | (OCoLC)ocm46448263 |
| 040 ## - CATALOGING SOURCE | |
| Transcribing agency | Nust |
| 082 00 - DEWEY DECIMAL CLASSIFICATION NUMBER | |
| Classification number | 512.7,SWI |
| 100 1# - MAIN ENTRY--PERSONAL NAME | |
| Personal name | Swinnerton-Dyer, H. P. F. |
| 9 (RLIN) | 102544 |
| 245 12 - TITLE STATEMENT | |
| Title | A brief guide to algebraic number theory / |
| Statement of responsibility, etc. | H.P.F. Swinnerton-Dyer. |
| 260 ## - PUBLICATION, DISTRIBUTION, ETC. | |
| Place of publication, distribution, etc. | Cambridge ; |
| -- | New York : |
| Name of publisher, distributor, etc. | Cambridge University Press, |
| Date of publication, distribution, etc. | 2001. |
| 300 ## - PHYSICAL DESCRIPTION | |
| Extent | ix, 146 p. : |
| Dimensions | 23 cm. |
| 440 #0 - SERIES STATEMENT/ADDED ENTRY--TITLE | |
| Title | London Mathematical Society student texts ; |
| Volume/sequential designation | 50 |
| 9 (RLIN) | 102545 |
| 505 ## - FORMATTED CONTENTS NOTE | |
| Formatted contents note | Number and Ideals(Page-1), Valuations(Page-31), Special Fields(Page-55), Analytics Methods (Page-79), Class Field Theory (Page-98). |
| 650 #0 - SUBJECT ADDED ENTRY--TOPICAL TERM | |
| Topical term or geographic name entry element | Algebraic number theory. |
| 9 (RLIN) | 102546 |
| 856 42 - ELECTRONIC LOCATION AND ACCESS | |
| Materials specified | Publisher description |
| Uniform Resource Identifier | <a href="http://www.loc.gov/catdir/description/cam022/2001270847.html">http://www.loc.gov/catdir/description/cam022/2001270847.html</a> |
| 856 42 - ELECTRONIC LOCATION AND ACCESS | |
| Materials specified | Table of contents |
| Uniform Resource Identifier | <a href="http://www.loc.gov/catdir/toc/cam027/2001270847.html">http://www.loc.gov/catdir/toc/cam027/2001270847.html</a> |
| 942 ## - ADDED ENTRY ELEMENTS (KOHA) | |
| Source of classification or shelving scheme | |
| Koha item type | Book |
| Call number prefix | 512.7,SWI |
| Withdrawn status | Lost status | Source of classification or shelving scheme | Damaged status | Not for loan | Permanent Location | Current Location | Shelving location | Date acquired | Full call number | Barcode | Date last seen | Price effective from | Koha item type | Public note |
|---|---|---|---|---|---|---|---|---|---|---|---|---|---|---|
| Military College of Signals (MCS) | Military College of Signals (MCS) | General Stacks | 12/12/2016 | 512.7,SWI | MCS28454 | 12/08/2016 | 12/12/2016 | Book | Almirah No.11, Shelf No.4 |
